000 00721nam a22002057a 4500
005 2010082304464.0
010 _aENG-101269
020 _c300.00
035 _a84802
037 _bDBAD/PUB
082 _a363.7
100 _aMishra, Rama Kant
_916897
245 _aMother earth :
_bproblems of protection global enviroment /
_cby Rama Kant Mishra
260 _aOrissa
_bDakshyeshwar Memorial Foundation
_c2005
270 _aAthmallik (Mallapur)
_bOrissa
300 _a230p.
_c24cm (pbk)
_ephotos
500 _aIncludes index
942 _2ddc
_cEN
_h363.7
_mMIS
999 _c42953
_d42953